000 00469pab a2200169 454500
008 180718b2012 xxu||||| |||| 00| 0 eng d
100 _aTripathi, Amarnath
245 _aEconomic growth in Uttar Pradesh during the high growth regime in India
260 _c2012
300 _ap.149-161.
362 _aDec
650 _aEconomic growth - India - Uttar Pradesh
650 _aEconomic growth
773 _aIndian Economic Journal
908 _aN
909 _a104907
999 _c104902
_d104902